Culture Générale - Série 832 - Statistiques

Statistiques générales
  • Ce quiz a été pris 125 fois
  • Le résultat moyen est 6 sur 9
Statistiques - réponses
Question Réponse % Correct
Sur quelle planète se trouve l'Olympus Mons, le plus grand volcan du système solaire ? Mars
96%
Quelle est l'unité monétaire principale du Japon ? yen
94%
Quelle ville, chef-lieu du département du Rhône, est dominée par la colline de Fourvière, la Croix-Rousse et la Duchère ? Lyon
92%
De quel pays est originaire le plat appelé : "osso-buco" ? Italie
89%
Quel terme anglais désigne les marchandises vendues hors taxe dans les boutiques des aéroports ? duty free
70%
Par quel plat traditionnel désigne-t-on familièrement l'I.G.S., l'Inspection Générale des Services de la police ? Les boeufs-carottes
56%
Quel artiste interprète en duo avec Jean-Jacques Goldman le titre "Je te donne", en 1985 ? Michael Jones
56%
De quelle chanson, interprétée par Edith Piaf, est tirée la phrase : "Il sentait bon le sable chaud" ? Mon légionnaire
46%
A quel peintre, prénommé Marcel, doit-on l'urinoir baptisé : "Fontaine" ? Duchamp
35%
Aucun quiz correspondant
Distribution des résultats
% des personnes avec chaque résultat
Percentile par nombre de réponses
Votre historique - résultats
Vous n’avez pas pris ce quiz